|
|
|
|
| LEADER |
00000cam a2200000 a 4500 |
| 001 |
vtls001113804 |
| 003 |
SK-MaSNL |
| 005 |
20260301055348.0 |
| 008 |
250313s1979 xo oa e n 000 0 slo |
| 015 |
|
|
|a SNBA1979
|
| 020 |
|
|
|q (brož.)
|
| 035 |
|
|
|a SNK000056647
|
| 035 |
|
|
|a urn:nbn:sk:snk-amlfgl
|
| 035 |
|
|
|a urn:nbn:sk:snk-am008xh8
|
| 035 |
|
|
|a F93BEE4A-691D-4A2C-A888-C091893DB459
|
| 040 |
|
|
|a SNK
|b slo
|c SNK
|e AACR2
|
| 041 |
0 |
|
|a slo
|
| 044 |
|
|
|a xo
|c SK
|
| 080 |
|
|
|a 674-416/-419(075.8)
|2 1981
|
| 100 |
1 |
|
|a Poláčik, Alexander,
|d 1928-1992
|4 aut
|9 242094
|
| 245 |
1 |
0 |
|a Technológia výroby konštrukčných veľkoplošných materiálov
|n Časť 1.
|p Výroba dýh a preglejovaných dosák
|c Alexander Poláčik
|
| 246 |
3 |
0 |
|a Výroba dýh a preglejovaných dosák
|
| 250 |
|
|
|a 2. vyd.
|
| 260 |
|
|
|a Zvolen
|b Vysoká škola lesnícka a drevárska
|c 1979
|
| 300 |
|
|
|a 234 s.
|b fotogr., grafy, sch., tab.
|c 29 cm
|
| 366 |
|
|
|e 500 výt.
|
| 504 |
|
|
|a Bibliogr.
|
| 650 |
0 |
7 |
|a drevné materiály
|2 SNKPH
|9 20432
|
| 650 |
0 |
7 |
|a dýhy
|2 SNKPH
|9 67665
|
| 650 |
0 |
7 |
|a preglejky
|2 SNKPH
|9 23891
|
| 650 |
0 |
7 |
|a výrobné technológie
|2 SNKPH
|9 4198
|
| 655 |
|
7 |
|a učebnice vysokých škôl
|2 SNKPH
|9 70191
|
| 852 |
|
|
|a Slovenská národná knižnica
|
| 958 |
|
|
|a OND
|
| 958 |
|
|
|a NB
|
| 958 |
|
|
|a RM
|
| 958 |
|
|
|a UV
|
| 999 |
|
|
|c 613190
|d 615120
|
| 952 |
|
|
|a SNK
|b SNK
|y PREZ
|7 0
|p 17A0971314
|o snkSB 27623/1
|i snkKSP 1081/79
|0 0
|1 0
|4 0
|d 2014-09-30
|f 1
|l 0
|r 2025-04-01 00:00:00
|w 2026-02-23
|
| 952 |
|
|
|a SNK
|b SNK
|y VYP
|7 0
|o snkSB 27623/1 D1
|i snkKSP 1082/79
|0 0
|1 0
|4 0
|d 2014-09-30
|l 0
|r 2026-02-23 16:29:38
|w 2026-02-23
|